000 00410pab a2200157 454500
008 180718b2007 xxu||||| |||| 00| 0 eng d
100 _aAhuja, Malvinder
245 _aPreferences of teachers on social values according to their experience and subject area
260 _c2007
300 _ap.11-17.
362 _a23 Apr
650 _aTeachers
773 _aUniversity News
908 _aN
909 _a73784
999 _c73784
_d73784